| 000 | 00326nam a2200097Ia 4500 | ||
|---|---|---|---|
| 008 | 220120s9999||||xx |||||||||||||| ||und|| | ||
| 100 |
_aAnusha, Sneha, Swathi and Vindhya _912636 |
||
| 245 | 0 | _aAutomatic facial expression music player application | |
| 260 |
_aCoorg Institute of Technology _bPonnampet _c2016 |
||
| 650 | _aMECHANICAL | ||
| 999 |
_c138234 _d138234 |
||